| 000 | 00360nam a2200145Ia 4500 | ||
|---|---|---|---|
| 008 | 200615s9999||||xx |||||||||||||| ||und|| | ||
| 020 | _a9788121924962 | ||
| 082 |
_a537.5 _bPRI-V |
||
| 100 | _aV.K. MEHTA, ROHIT MEHTA, | ||
| 245 | 0 | _aPRINCIPLES OF POWER SYSTEM | |
| 250 | _a7TH | ||
| 260 |
_anew delhi _bS CHAND & CO LTD _c2017 |
||
| 300 | _a595 | ||
| 942 | _cBK | ||
| 999 |
_c28853 _d28853 |
||